000 00281nam a22001217a 4500
008 171002b xxu||||| |||| 00| 0 eng d
041 _aeng
080 _a159.9
100 _a48
101 _aEDU
245 _aUSE OF ANTICONVULSANTS IN PSYCHIATRY
_cMCELROY, S.L
942 _2udc
_cBK
999 _c31221
_d31221